|
|
|
|
| LEADER |
00680nam a22002051a 4500 |
| 020 |
|
|
|a 9788185073156
|c 0.00
|
| 040 |
|
|
|a SSUS - Library - Kalady
|
| 082 |
|
|
|a S 294.551 3
|b MAH/T
|
| 100 |
|
|
|a Mahalingam N (comp.)
|
| 245 |
|
|
|a Tamil saiva bhakta kavi Tirujnanasambandhar
|h [Text]
|
| 260 |
|
|
|a New Delhi
|b Sahitya Shodh
|c 2000
|
| 300 |
|
|
|a 351p.
|
| 600 |
|
|
|a Saivism
|
| 600 |
|
|
|a Hinduism
|
| 600 |
|
|
|a Religion
|
| 700 |
|
|
|a Ravinderkumar Seth
|
| 852 |
|
|
|h S 294.551 3
|i MAH/T
|p 035368
|9 320.00
|t 0
|
| 942 |
|
|
|c BK
|
| 999 |
|
|
|c 45952
|d 45952
|
| 952 |
|
|
|0 0
|1 0
|4 0
|6 S_294_551000000000000_3_MAH_T
|7 0
|9 66325
|a SSUS
|b SSUS
|d 2015-01-08
|g 320.00
|o S 294.551 3 MAH/T
|p 035368
|r 2015-01-08
|v 0.00
|w 2015-01-08
|y BK
|